Food that Start with G - Statistics

General Stats
  • This quiz has been taken 112 times
    88 since last reset
  • The average score is 9 of 18
Answer Stats
Picture Answer % Correct
Grape
97%
Garlic
96%
Ginger
85%
Green Apple
84%
Green Pepper
79%
Granola Bar
71%
Green Onion
59%
Gelato
57%
Goulash
39%
Gooseberry
32%
Grilled Cheese Sandwich
29%
Guava
29%
Greek Salad
27%
Gumbo
25%
Goji Berry
23%
Green Curry
17%
Gnocchi
16%
Golden Kiwi
16%
No matching quizzes found
Score Distribution
Percent of People with Each Score
Percentile by Number Answered
Your Score History
You have not taken this quiz since the last reset